Data Science from Scratch First Principles with Python (Record no. 12101)

MARC details
000 -LEADER
fixed length control field 00379nam a22001577a 4500
003 - CONTROL NUMBER IDENTIFIER
control field OSt
008 - FIXED-LENGTH DATA ELEMENTS--GENERAL INFORMATION
fixed length control field 231016b |||||||| |||| 00| 0 eng d
020 ## - INTERNATIONAL STANDARD BOOK NUMBER
International Standard Book Number 9789352138326
082 ## - DEWEY DECIMAL CLASSIFICATION NUMBER
Classification number 005.74 GRD
100 ## - MAIN ENTRY--PERSONAL NAME
Personal name GRUS,Joel
245 ## - TITLE STATEMENT
Title Data Science from Scratch First Principles with Python
260 ## - PUBLICATION, DISTRIBUTION, ETC. (IMPRINT)
Place of publication, distribution, etc New Delhi
Name of publisher, distributor, etc SPD
Date of publication, distribution, etc 2022
300 ## - PHYSICAL DESCRIPTION
Extent 384
650 ## - SUBJECT ADDED ENTRY--TOPICAL TERM
Topical term or geographic name as entry element IT
942 ## - ADDED ENTRY ELEMENTS (KOHA)
Source of classification or shelving scheme Dewey Decimal Classification
Koha item type Text Books
Holdings
Withdrawn status Lost status Source of classification or shelving scheme Damaged status Not for loan Collection code Home library Current library Date acquired Source of acquisition Currency Cost, normal purchase price Bill Number Total Checkouts Full call number Acc. no. / Barcode Date last seen Actual Cost, discounted price Bill Date Koha item type
    Dewey Decimal Classification     B.Tech(IT) PIET C-LIBRARY PIET C-LIBRARY 30/09/2023 Kirti Prakashan In rupees 1575.00 IN1019   005.74 GRD 35073 16/10/2023 1228.50 30/09/2023 Reference Books
    Dewey Decimal Classification     B.Tech(IT) PIET C-LIBRARY PIET C-LIBRARY 30/09/2023 Kirti Prakashan In rupees 1575.00 IN1019   005.74 GRD 35074 16/10/2023 1228.50 30/09/2023 Text Books

Design & Developed by: PIET Central Library
R70 Miles Stone Pattikalyana Samalkha Panipat 132102
mail ID :- [email protected], Phone No:- 0180-2569700 Ex.216